000 00789nam a2200265Ia 4500
003 OSt
005 20220930073306.0
006 a|||||r|||| 00| 0
007 ta
008 220926b |||||||| |||| 00| 0 hin d
024 _a30785
037 _cTheses
040 _aCRL
_cCRL
_bhin
041 _2hin
_ahin
100 _aSanjay Kumar
110 _aUniversity of Delhi. Faculty of Arts. Department of Hindi
245 0 _aSamajvadi chintan aur Vijaydev Narain Sahi ka kavya
260 _c1999
300 _a347p.
_ap.
_ccm.
650 _aHINDI LITERATURE
_923866
700 _a Dr Archna Verma Supervisor
_9531334
700 _aUniversity of Delhi. Faculty of Arts. Department of Hindi
942 _cDIS
_2CC
999 _c864863
_d864863